Logistické centrum v systémovém pojetí, algoritmus a model verifikace splnění hlavních faktorů jeho projektování
Charakteristika logistického centra ako integrovaného systému zloženého z jednotlivých podsystémov, prvkov a väzieb medzi nimi.
Salvato in:
| Autore principale: | |
|---|---|
| Natura: | Capitolo di libro |
| Lingua: | ceco |
| Soggetti: | |
| Tags: |
Nessun Tag, puoi essere il primo ad aggiungerne!!
|
MARC
| LEADER | 00000naa a2200000 4500 | ||
|---|---|---|---|
| 001 | 0229913 | ||
| 005 | 20220714120606.8 | ||
| 041 | 0 | |a cze | |
| 044 | |a CZ | ||
| 245 | 1 | 0 | |a Logistické centrum v systémovém pojetí, algoritmus a model verifikace splnění hlavních faktorů jeho projektování |c Xenie Lukoszová |
| 520 | |a Charakteristika logistického centra ako integrovaného systému zloženého z jednotlivých podsystémov, prvkov a väzieb medzi nimi. | ||
| 610 | 2 | 0 | |a centrá logistické |
| 610 | 2 | 0 | |a systémy logistické |
| 610 | 2 | 0 | |a plánovanie |
| 610 | 2 | 0 | |a projektovanie |
| 610 | 2 | 0 | |a algoritmy |
| 100 | 1 | |a Lukoszová, Xenie | |